Планы Мариупольского порта (с указанием Розы ветров), заверенные начальником порта, план механических мастерских морторгпорта

RUSMARC
00004722cmc2a2200277#x 450
00121257492-4802-4302-889c-4cf30eaccb7f
00520230601151028.0
100##$a20220622l19251925k y0rusy50 ca
1010#$arus
102##$aRU
105##$ae z |||||
1220#$ad1925######
2001#$aПланы Мариупольского порта (с указанием Розы ветров), заверенные начальником порта, план механических мастерских морторгпорта
$j[1921-1925]
215##$a4 листа
$cпл.
251##$cДело
300##$aТипографский экземпляр (синька); типографский экземпляр с рукописными пометами
300##$aЛисты: 1-4 - планы; 3, 4 - надорваны
300##$aРукописный и типографский текст
330##$aВходит в раздел описи: Документы Народного комиссариата финансов. Транспортный сектор (Департамент железнодорожных дел) Наркомата финансов
461#0$100170a9e75d-b6e1-4eed-a561-fb01df49f1ed
$12001
$aКоллекция документов профессора И. Х. Озерова
$1251
$cФонд
$1852
$j1838
462#0$10010128b4bc-9fed-474c-8a7c-fdbe2c2718e2
$12001
$aДокументы советского периода. 1917-1933 гг.
$vД. 63
$1251
$cОпись
$1852
$j2
801#0$aRU
$bGA_RF
801#1$aRU
$bГлавНИВЦ
$c20220622
$2rusmarc
801#2$aRU
$bПБ им. Б.Н. Ельцина
$c20220705
$gRCR
$2rusmarc
852##$aГА РФ
$j63
937##$d177095511
$hГАРФ
035##$aRuPRLIB51068005
856##$uhttp://readingroom.main.prlib.ru/item.aspx?id_node=n177095511&mode=full
850##$aГосударственный архив Российской Федерации
60102$2nlr_sh
$3RU\NLR\AUTH\8810027249
$aМариупольский порт
$jКарты
605##$2acquisition_Prlib
$3LIBNET\UAF\0000107260
$aДонецкая Народная Республика: страницы истории
$lколлекция
605##$2acquisition_Prlib
$3DITM\AF\0000002775
$aВласть
$lколлекция
686##$2rubbk
$a63.3(2)5-2
$vLBC/M
Формат отображения